Werke deutschsprachiger Autoren (Einfach) - Statistiken

Allgemein
  • Dieses Quiz wurde 112 mal gespielt
  • Das Durchschnittsergebnis liegt bei 9 aus 15
Antwortstatistiken
Hint Antwort % Korrekt
Die Leiden des jungen Werthers Johann Wolfgang von Goethe
87%
Der Prozess Franz Kafka
85%
Die unendliche Geschichte Michael Ende
80%
Homo Faber Max Frisch
73%
Wilhelm Tell Friedrich Schiller
72%
Nathan der Weise Gotthold Ephraim Lessing
72%
Besuch der alten Dame Friedrich Dürrenmatt
70%
Der Zauberberg Thomas Mann
67%
Der Steppenwolf Hermann Hesse
62%
Der zerbrochene Krug Heinrich von Kleist
57%
Der Schimmelreiter Theodor Storm
55%
Ansichten eines Clowns Heinrich Böll
42%
Der gute Mensch von Sezuan Bertolt Brecht
37%
Dantons Tod Georg Büchner
27%
Bahnwärter Thiel Gerhart Hauptmann
24%
Keine übereinstimmenden Quizze gefunden
Verteilung der Resultate
Anzahl Personen mit jedem Resultat
Perzentil nach korrekt beantworteten Fragen
Ihre Resultats-Entwicklung
Sie haben dieses Quiz noch nicht gespielt